000 00669nam a2200241Ia 4500
003 OSt
005 20220918222257.0
006 a|||||r|||| 00| 0
007 ta
008 220917b |||||||| |||| 00| 0 eng d
024 _a216,325
037 _cTextual
040 _aARTS
_cARTS
_beng
041 _2eng
_aeng
082 _aW94, P2
100 _aWimmer Andreas
_9142714
245 0 _aNationalist exclusion and ethnic conflict
_b shadows of modernity
260 _aUK
_bCambridge university press
_c2002
300 _aix, 319p
_ccm.
650 _aPOLITICAL SCIENCE
942 _hW94, P2
_cTEXL
_2CC
999 _c275067
_d275067